Click the Author - Statistics

General Stats
  • This quiz has been taken 439 times
  • The average score is 13 of 20
Answer Stats
Hint Answer % Correct
To Kill a Mockingbird Harper Lee
87%
Anna Karenina Leo Tolstoy
87%
The Count of Monte Cristo Alexandre Dumas
82%
Ulysses James Joyce
81%
The Murder at the Vicarage Agatha Christie
78%
Pet Sematary Stephen King
78%
The Hunchback of Notre-Dame Victor Hugo
78%
The Handmaid's Tale Margaret Atwood
77%
Jane Eyre Charlotte Brontë
76%
The Satanic Verses Salmon Rushdie
74%
For Whom the Bell Tolls Ernest Hemingway
71%
Catch-22 Joseph Heller
64%
Northanger Abbey Jane Austen
63%
The Kite Runner Khaled Hosseini
63%
Uncle Tom's Cabin
Harriet Beecher Stowe
62%
Little Dorrit Charles Dickens
55%
The Remains of the Day Kazuo Ishiguro
45%
Wild Swans Jung Chang
44%
The Prince and the Pauper Mark Twain
42%
The Road to Wigan Pier George Orwell
40%
No matching quizzes found
Score Distribution
Percent of People with Each Score
Percentile by Number Answered
Your Score History
You have not taken this quiz